Literatura, ideología y sociedad

Uloženo v:
Podrobná bibliografie
Hlavní autor: Cros, Edmond
Médium: Kniha
Jazyk:Undetermined
Vydáno: Madrid, España Gredos [s.f.]
Témata:
Tagy: Přidat tag
Žádné tagy, Buďte první, kdo vytvoří štítek k tomuto záznamu!

MARC

LEADER 00000nam a2200000Ia 4500
008 170316s9999 xx 000 0 und d
090 |a 801 C-34L 
100 |a Cros, Edmond 
245 |a Literatura, ideología y sociedad 
260 |a Madrid, España 
260 |b Gredos 
260 |c [s.f.] 
300 |a 306 páginas 
650 |a TEORÍA LITERARIA 
650 |a SOCIOCRÍTICA 
650 |a SIGLO DE ORO 
650 |a LITERATURA 
650 |a SOCIEDAD 
650 |a IDEOLOGÍA 
999 |c 20193  |d 20193 
040 |a cru BVZT 
942 |c 15 D  |h 801 C-34L  |2 z